|
|
|
|
| LEADER |
00000nab a2200000 a 4500 |
| 001 |
vtls000618201 |
| 003 |
SK-MaSNL |
| 005 |
20260302185205.0 |
| 008 |
160401c1997 xo 0 slo |
| 015 |
|
|
|a SNBRB19rr/mm-uuuuu
|
| 035 |
|
|
|a CL0618340
|
| 040 |
|
|
|a SNKBUCL
|b slo
|c SNKBUCL
|e AACR2
|
| 041 |
0 |
|
|a slo
|
| 044 |
|
|
|a xo
|c SK
|
| 080 |
|
|
|a 353.2/.5(437.6)
|2 1981
|
| 080 |
|
|
|a 332.1(437.6)
|2 1981
|
| 100 |
1 |
|
|a Rajčák, Milan
|4 aut
|9 555932
|
| 245 |
1 |
0 |
|a Základné sociálno-ekonomické charakteristiky a porovnania nových krajov a okresov Slovenska
|b Dňa 26. júla 1996 nadobudol účinnosť zákon NR SR č. 221 O územnom a správnom členení SR, podľa ktorého sa územie Slovenska člení na osem krajov a 79 okresov
|c Milan Rajčák
|
| 300 |
|
|
|b Mp. 2, tab. 1
|
| 500 |
|
|
|a Pokračovanie v č. 4/1997
|
| 650 |
0 |
7 |
|a okresy
|2 snkbucl
|9 30162
|
| 650 |
0 |
7 |
|a kraje
|2 snkbucl
|9 30530
|
| 655 |
|
7 |
|a články z novín a časopisov
|2 snkbucl
|9 267496
|
| 773 |
0 |
|
|t Trend
|g Č. 3 (1997), s. 25A
|
| 850 |
|
|
|a Slovenská národná knižnica v Martine
|a MTA001
|
| 852 |
|
|
|a SNK
|b KIS3GCP
|
| 958 |
|
|
|a SK
|
| 958 |
|
|
|a RK
|
| 958 |
|
|
|a RBX
|
| 999 |
|
|
|c 1428477
|d 1430407
|